|
|
|
|
| LEADER |
00000nam0a2200000 4500 |
| 001 |
72030 |
| 005 |
20231101212623.0 |
| 010 |
|
|
|a 5948360105
|
| 035 |
|
|
|a (RuTPU)RU\TPU\book\76775
|
| 090 |
|
|
|a 72030
|
| 100 |
|
|
|a 20041229d2004 k y0rusy50 ca
|
| 101 |
1 |
|
|a rus
|c eng
|
| 102 |
|
|
|a RU
|
| 105 |
|
|
|a a z 001zy
|
| 200 |
1 |
|
|a Волоконно-оптические системы связи
|e пер. с англ.
|f Р. Л. Фриман
|g под ред. Н. Н. Слепова
|
| 205 |
|
|
|a 2-е доп. изд.
|
| 210 |
|
|
|a Москва
|c Техносфера
|d 2004
|
| 215 |
|
|
|a 496 с.
|c ил.
|
| 225 |
1 |
|
|a Мир связи
|
| 320 |
|
|
|a Библиогр.: с. 479-487.
|
| 320 |
|
|
|a Список сокращений: с. 488-490.
|
| 320 |
|
|
|a Предметный указатель: с. 491-495.
|
| 330 |
|
|
|a Книга Фримана для русского читателя - это первое серьезное введение в ВОСП, охватывающее все стороны вопроса: от волокна, кабеля и их характеристик, через используемые технологии оптических сетей с их проблемами, до систем бесперебойного питания, обеспечивающих надежное функционирование ВОСП. По широте охвата и освещения вопросов проектирования - это вообще первая книга по ВОСП подобного рода на русском языке.
|
| 606 |
1 |
|
|a ВОЛС:Волоконные оптические линии связи
|2 stltpush
|3 (RuTPU)RU\TPU\subj\3650
|9 32035
|
| 610 |
1 |
|
|a связь
|
| 610 |
1 |
|
|a волоконно-оптические системы
|
| 610 |
1 |
|
|a волоконно-оптические кабели
|
| 610 |
1 |
|
|a оптическое волокно
|
| 610 |
1 |
|
|a оптические разъемы
|
| 610 |
1 |
|
|a источники света
|
| 610 |
1 |
|
|a световое излучение
|
| 610 |
1 |
|
|a детекторы
|
| 610 |
1 |
|
|a свет
|
| 610 |
1 |
|
|a передача
|
| 610 |
1 |
|
|a участие
|
| 610 |
1 |
|
|a ухудшение
|
| 610 |
1 |
|
|a регенераторы
|
| 610 |
1 |
|
|a волоконно-оптические усилители
|
| 610 |
1 |
|
|a мультиплексоры
|
| 610 |
1 |
|
|a синхронные оптические сети
|
| 610 |
1 |
|
|a синхронная цифровая иерархия
|
| 610 |
1 |
|
|a прокладка
|
| 610 |
1 |
|
|a доступность
|
| 610 |
1 |
|
|a безотказность
|
| 610 |
1 |
|
|a сетевое питание
|
| 610 |
1 |
|
|a гибридные системы
|
| 610 |
1 |
|
|a оптоволокно
|
| 610 |
1 |
|
|a неисправности
|
| 610 |
1 |
|
|a функционирование
|
| 610 |
1 |
|
|a цифровые данные
|
| 610 |
1 |
|
|a синхронизация
|
| 610 |
1 |
|
|a SONET
|
| 610 |
1 |
|
|a SDH
|
| 675 |
|
|
|a 621.391.6
|v 3
|
| 700 |
|
1 |
|a Фриман
|b Р. Л.
|g Роджер Л.
|
| 702 |
|
1 |
|a Слепов
|b Н. Н.
|4 340
|
| 801 |
|
1 |
|a RU
|b 63413507
|c 20041229
|g PSBO
|
| 801 |
|
2 |
|a RU
|b 63413507
|c 20201029
|g PSBO
|
| 942 |
|
|
|c BK
|